|
|
|
|
| LEADER |
02079nam a2200409 a 4500 |
| 001 |
40135 |
| 003 |
BD-DhAAL |
| 008 |
221128t2002 bg f001 0aben d |
| 999 |
|
|
|c 45101
|d 45101
|
| 010 |
|
|
|a 2001416758
|
| 020 |
|
|
|a 9848065016
|
| 025 |
|
|
|a B-B-2001-416758; 22
|
| 035 |
|
|
|a (DLC) 2001416758
|
| 037 |
|
|
|b Library of Congress -- New Delhi Overseas Office
|c Tk60.00
|
| 040 |
|
|
|a DLC
|c DLC
|d BD-DhAAL
|
| 042 |
|
|
|a lcode
|
| 043 |
|
|
|a a-bg---
|a a-pk---
|
| 050 |
0 |
0 |
|a DS395.7.P45
|b P47 2001
|
| 082 |
|
|
|a 320.95492
|2 23
|
| 100 |
1 |
|
|a ফজলুল করিম, সরদার,
|d ১৯২৫-
|9 52624
|
| 245 |
1 |
0 |
|a সেই সে কাল :
|c কিছু স্মৃতি কিছু কথা /
|b সরদার ফজলুল করিম
|
| 246 |
|
|
|a Shei she kal :
|b kichu smrity, kichu kotha
|
| 246 |
|
|
|a My time :
|b memoirs and comments
|
| 260 |
|
|
|a ঢাকা :
|b প্যাপিরাস,
|c ২০০২.
|
| 300 |
|
|
|a ১১২ পৃষ্ঠা ;
|c ২২ সে.মি.
|
| 490 |
|
|
|a নাজমা জেসমিন চৌধুরী স্মারক বক্তৃতা ;
|v ১১
|
| 520 |
|
|
|a Autobiographical reminiscences of a leftist leader, university teacher, and writer from Bangladesh about his involvement in political activities before the independence of his country in 1971.
|
| 541 |
|
|
|a Donated By Akbar Ali Khan
|e 40135
|
| 546 |
|
|
|a In Bengali.
|
| 600 |
1 |
0 |
|a Fazlul Karim, Sardar,
|d 1925-
|x Political activity.
|9 52625
|
| 650 |
|
0 |
|a Political activists
|z Bangladesh
|v Biography.
|9 52626
|
| 650 |
|
0 |
|a Communists
|z Bangladesh
|v Biography.
|9 52627
|
| 651 |
|
0 |
|a Bangladesh
|x Politics and government.
|9 52628
|
| 710 |
2 |
|
|a University of Dhaka.
|b Institute of Modern languages.
|9 52629
|
| 830 |
|
0 |
|a নাজমা জেসমিন চৌধুরী স্মারক বক্তৃতা ;
|v ১১
|9 52630
|
| 942 |
|
|
|2 ddc
|c BK
|
| 952 |
|
|
|0 0
|1 0
|2 ddc
|4 0
|6 320_954920000000000_FAZ
|7 1
|9 72415
|a BRACUL
|b BRACUL
|c AAKC
|d 2022-11-29
|e Donated by Akbar Ali Khan
|g 100.00
|l 0
|o 320.95492 FAZ
|p 3010040135
|r 2022-11-29
|t 1
|w 2022-11-29
|y BK
|